LEADER 01892nam 2200457Ia 450 001 996393473203316 005 20200824132345.0 035 $a(CKB)4940000000116898 035 $a(EEBO)2240969327 035 $a(OCoLC)ocm12408814e 035 $a(OCoLC)12408814 035 $a(EXLCZ)994940000000116898 100 $a19850821d1699 uy | 101 0 $aeng 135 $aurbn||||a|bb| 200 12$aA just and modest vindication of the Scots design, for the having established a colony at Darien$b[electronic resource] $ewith a brief display, how much it is their interest, to apply themselves to trade, and particularly to that which is foreign 210 $a[Edinburgh? $cs.n.]$d1699 215 $a[31], 214 p 300 $aWritten by Robert Ferguson. Cf. DNB.; Ferguson, J. Robert Ferguson the plotter, 1887, p. 333; and, A short vindication of Phil. Scot's Defence of the Scots abdicating Darien, 1700, p. 48. 300 $aAttributed by some authorities to James Hodges. Cf. Halkett & Laing; Hazlit, W.C. Bibl. coll., 3rd ser., sup. 300 $aPlace of publication from NUC pre-1956 imprints. 300 $aMarginal notes. 300 $aReproduction of original in Harvard University Libraries. 330 $aeebo-0062 606 $aDarien Scots' Colony, 1698-1700 607 $aScotland$xCommercial policy 607 $aScotland$xHistory$y1689-1745 607 $aPanama$xColonization 607 $aPanama$xDiscovery and exploration 615 0$aDarien Scots' Colony, 1698-1700. 700 $aFerguson$b Robert$fd. 1714.$0795881 701 $aHodges$b James$01012273 801 0$bEAA 801 1$bEAA 801 2$bm/c 801 2$bEAA 801 2$bWaOLN 906 $aBOOK 912 $a996393473203316 996 $aA just and modest vindication of the Scots design, for the having established a colony at Darien$92423650 997 $aUNISA LEADER 01276nam a2200277 i 4500 001 991001766779707536 008 060717s2006 it g 00 0 ita d 020 $a881411286X 035 $ab13424063-39ule_inst 040 $aDip.to Studi Giuridici$bita 082 0 $a346.45 100 $aTamborrino, Francesco$09567 245 10$aCodice tecnico-legale del condominio :$b1134 argomenti, 1514 sentenze, 47 note tecniche, 102 illustrazioni, appendice tecnica: manutenzione e controllo edifici, appendice legale: 258 testi legislativi incluse le norme sulla certificazione energetica degli edifici e sulla sicurezza degli ascensori /$cFrancesco Tamborrino 250 $a6. ed. agg. e redatta da Maria Tamborrino 260 $aMilano :$bA. Giuffrè Editore,$cc2006 300 $axxviii, 699 p. ; $c29 cm 490 0 $aCosa & come 650 4$aCondominio$xCodice civile 650 4$aCondominio$xLegislazione 700 1 $aTamborrino, Marina 907 $a.b13424063$b02-04-14$c17-07-06 912 $a991001766779707536 945 $aLE027 346.45 TAM01.01$g1$i2027000123285$lle027$o-$pE55.00$q-$rl$s- $t0$u1$v0$w1$x0$y.i14269703$z17-07-06 996 $aCodice tecnico-legale del condominio$9644913 997 $aUNISALENTO 998 $ale027$b17-07-06$cm$da $e-$fita$git $h0$i0